000
00239nam a22000857a 4500
008
161201b xxu||||| |||| 00| 0 eng d
100
_9
1635
_a
Bhatt. C
245
_a
Primary instraction in english main course
260
_a
New delhi
_b
frank bro
_c
2005
999
_c
4349
_d
4349